| 000 | 00000nam 2200000zi 4500 |
| 001 | 9.940642 |
| 003 | CaOODSP |
| 005 | 20250324101601 |
| 006 | m o d f |
| 007 | cr mn||||||||| |
| 008 | 240716s1970 oncb o f000 0 fre d |
| 040 | |aCaOODSP|bfre|erda|cCaOODSP |
| 043 | |an-cn-nf|an-cn--- |
| 086 | 1 |aRE24-32/1970F-PDF |
| 245 | 00|aCanada-Terre-Neuve entente sur les zones spéciales et les routes, 1970-1972. |
| 264 | 1|a[Ottawa] : |bMinistère de l'expansion économique régionale, |c[1970] |
| 300 | |a1 ressource en ligne (1 volume (en pagination multiple)) : |bcartes |
| 336 | |atexte|btxt|2rdacontent/fre |
| 337 | |ainformatique|bc|2rdamedia/fre |
| 338 | |aressource en ligne|bcr|2rdacarrier/fre |
| 500 | |aPublié aussi en anglais sous le titre : Canada/Newfoundland special areas and highways agreement 1970/72. |
| 500 | |aÉdition numérisée de l'imprimé [par Innovation, sciences et développement économique Canada]. |
| 650 | 6|aRoutes|zTerre-Neuve-et-Labrador|xFinances. |
| 650 | 6|aAide au développement économique régional|zTerre-Neuve-et-Labrador. |
| 650 | 6|aAménagement du territoire|zTerre-Neuve-et-Labrador. |
| 650 | 6|aRelations fédérales-provinciales (Canada)|zTerre-Neuve-et-Labrador. |
| 651 | 6|aTerre-Neuve-et-Labrador|xPolitique économique. |
| 710 | 1 |aCanada. |bExpansion économique régionale, |eorganisme de publication. |
| 775 | 08|tCanada/Newfoundland special areas and highways agreement 1970/72.|w(CaOODSP)9.898145 |
| 856 | 40|qPDF|s2.04 Mo|uhttps://publications.gc.ca/collections/collection_2024/isde-ised/re24/RE24-32-1970-fra.pdf |